00755 2200265 4500001002100000005001500021035002000036245008400056100001800140250001000158300003900168700001600207260003600223082001000259084001600269020001600285600003400301600003200335600003100367505001100398990002000409990002000429990002000449990002000469INLIS00000000000460920231019091326 a0010-10230000691 aTitik Awal Sejarah Siapa Yang Membangun Piramida /cJane Chisholm & Struan Reid0 aJane Chisholm aCet 1 a32 hlm, :bilus ;c21,6 x 29,5 cm.0 aStruan Reid aBandung; :bPakar Raya;,c2009. a722.2 a722.2 JAN t a979534654-8 aPengalih Bahasa,Iman Setiadji aPenyunting Materi,Rudiyanto aPewajah Ulang,Deni Sarjoko aIndeks a11239/P/BL/2016 a11240/P/BL/2016 a11240/P/BL/2016 a11239/P/BL/2016